Responsabilidad del Estado y sus regm̕enes

Bibliographic Details
Main Author: Ruz̕ Orejuela, Wilson
Format: eBook
Language:Spanish
Published: Bogot ̀: ECOE, 2012
Subjects:
Online Access:http://www.vlex.com/source/11268

MARC

LEADER 00000nam a22000007a 4500
005 20130611184010.0
007 cr|||| ||||
008 130611e2012 ck |||||s|||| 00||0 spa d
020 |a 978-958-648-830-3 
035 |a 11268 
040 |a vLex 
090 |c 4311  |d 4311 
100 1 0 |a Ruz̕ Orejuela, Wilson 
245 1 0 |a Responsabilidad del Estado y sus regm̕enes  |c / Wilson Ruz̕ Orejuela   |h [Recurso electrn̤ico]  
256 |a Servicio en ln̕ea 
260 |a Bogot ̀:  |b ECOE,   |c 2012 
300 |a 1 Recurso electrn̤ico 
506 |a Contenido solo disponible en los productos indicados   |d vLex Global   |d vLex Global (Academic Edition, excluding Law Schools)  |d vLex Global (U.S. Academic Edition, Law Schools)  |d vLex Global (U.S. Academic Edition, excluding Law Schools)  |d vLex Global (Academic Edition, Law Schools) 
650 4 |a Derecho civil  |z Colombia 
650 4 |a Procedimiento civil  |z Colombia 
740 |a vLex Libros (Servicio en ln̕ea) 
856 |a Acceso restringido  |u http://www.vlex.com/source/11268 
942 |c BOOK 
999 0 |a Civil law